000 00619nam a2200277Ia 4500
005 20260324134434.0
008 008 260324s9999 xx 000 0 eng d
020 _a9781315202907
037 _aEBOOK
040 _aCRL
040 _beng
040 _cCRL
041 _2eng
041 _aeng
084 _qCRL
100 _aJohn Cuthell
_91196813
245 0 _aVirtual Learning
260 _bTaylor and Francis
260 _c2002
365 _a
365 _b46.99
856 _uhttp://www.taylorfrancis.com/books/9781315202907
942 _cEBOOK
999 _c1796919
_d1796919